|
|
|
|
| LEADER |
01494nam a2200385 a 4500 |
| 001 |
EBC554821 |
| 003 |
MiAaPQ |
| 005 |
20200520144314.0 |
| 006 |
m o d | |
| 007 |
cr cn||||||||| |
| 008 |
100802s2010 enka sb 000 0 eng d |
| 020 |
|
|
|z 9780857241115
|
| 020 |
|
|
|a 9780857241122 (electronic bk.)
|
| 035 |
|
|
|a (MiAaPQ)EBC554821
|
| 035 |
|
|
|a (Au-PeEL)EBL554821
|
| 035 |
|
|
|a (CaPaEBR)ebr10400677
|
| 035 |
|
|
|a (CaONFJC)MIL266145
|
| 035 |
|
|
|a (OCoLC)652653775
|
| 040 |
|
|
|a MiAaPQ
|c MiAaPQ
|d MiAaPQ
|
| 050 |
|
4 |
|a HD30.28
|b .D43 2010
|
| 245 |
0 |
4 |
|a The decade ahead
|h [electronic resource] :
|b theoretical perspectives on motivation and achievement /
|c edited by Timothy C. Urdan, Stuart A. Karabenick.
|
| 250 |
|
|
|a 1st ed.
|
| 260 |
|
|
|a Bingley, U.K. :
|b Emerald Group Pub. Ltd.,
|c 2010.
|
| 300 |
|
|
|a xii, 264 p. :
|b ill.
|
| 490 |
1 |
|
|a Advances in motivation and achievement,
|x 0749-7423 ;
|v v. 16A
|
| 504 |
|
|
|a Includes bibliographical references.
|
| 533 |
|
|
|a Electronic reproduction. Ann Arbor, MI : ProQuest, 2015. Available via World Wide Web. Access may be limited to ProQuest affiliated libraries.
|
| 650 |
|
0 |
|a Strategic planning.
|
| 650 |
|
0 |
|a Business planning.
|
| 655 |
|
4 |
|a Electronic books.
|
| 700 |
1 |
|
|a Urdan, Timothy C.
|
| 700 |
1 |
|
|a Karabenick, Stuart A.
|
| 710 |
2 |
|
|a ProQuest (Firm)
|
| 830 |
|
0 |
|a Advances in motivation and achievement ;
|v v. 16A.
|
| 856 |
4 |
0 |
|u https://ebookcentral.proquest.com/lib/matrademy/detail.action?docID=554821
|z Click to View
|